书目信息 |
| 题名: |
分子反应动力学
|
|
| 作者: | 列文 , 伯恩斯坦 著 ;陶愉生 译 | |
| 分册: | ||
| 出版信息: | 北京 科学出版社 1986 |
|
| 页数: | 314页 | |
| 开本: | 19cm | |
| 丛书名: | ||
| 单 册: | ||
| 中图分类: | O643.1 | |
| 科图分类: | ||
| 主题词: | 分子-反应动力学 , 反应动力学-分子 | |
| 电子资源: | ||
| ISBN: | ||
| 000 | 00824nam0 2200265 45 | |
| 001 | 0186011497 | |
| 005 | 20060523105717.50 | |
| 010 | @dCNY2.65 | |
| 091 | @a13031.3134 | |
| 100 | @a19900818d1986 em y0chiy0121 ea | |
| 101 | 1 | @achi@ceng |
| 102 | @aCN@b110000 | |
| 105 | @ay z 000yy | |
| 200 | 10 | @a分子反应动力学@Afen zi fan ying dong li xue@f列文(Levine,R.D.),伯恩斯坦(Bernstein,R.B.)著@Flie wen(Levine,R.D.),bo en si tan(Bernstein,R.B.)zhu@g陶愉生译 |
| 210 | @a北京@c科学出版社@d1986 | |
| 215 | @a314页@d19cm | |
| 606 | @a分子-反应动力学 | |
| 606 | @a反应动力学-分子 | |
| 690 | @aO643.1@v3 | |
| 701 | 1 | @a列文@Alie wen@bR.D.@4著 |
| 701 | 1 | @a伯恩斯坦@Abo en si tan@bR.B.@4著 |
| 702 | 0 | @a陶愉生@Atao yu sheng@4译 |
| 801 | 2 | @aCN@bNLC@c20060523 |
| 801 | 0 | @aCN@b深圳图书馆@c20040705 |
| 905 | @dO643.1@e21 | |
| 分子反应动力学/列文(Levine,R.D.),伯恩斯坦(Bernstein,R.B.)著/陶愉生译.-北京:科学出版社,1986 |
| 314页;19cm |
| ISBN :CNY2.65 |
| ● |
| 相关链接 |
|
|
|
|
正题名:分子反应动力学
索取号:O643.1/21
 
预约/预借
| 序号 | 登录号 | 条形码 | 馆藏地/架位号 | 状态 | 备注 |
| 1 | 0157376 | 001954406 | 第二样本阅览室/ [索取号:O643.1/21] | 在馆 | |
| 2 | 0157377 | 202370914 | 密集书库/ [索取号:O643.1/21] | 在馆 |